000 00609nam a2200205 u 4500
005 20210223131847.0
008 121008s2004 es r 000 0 spa d
020 _a849337590X
035 _aUPN01000187185
049 _aI
050 4 _aPQ8098.21 R3.3
_bH5.4
100 1 _aKrahn, Fernando,
_d1935-2010
_933111
245 1 0 _aHilderita y Maximiliano /
_cFernando Krahn.
260 _aSevilla, Esp. :
_bKalandraka,
_c2004.
300 _a32 p. :
_bil.
440 0 _aLibros para soƱar
650 4 _aCUENTOS INFANTILES CHILENOS
_911282
650 4 _aINSECTOS -
_vLITERATURA INFANTIL
_911048
905 _aInfantil
999 _c159288
_d159288